La abuela necesita besitos / (Registro nro. 3335)
[ vista simple ]
| 000 -LEADER | |
|---|---|
| fixed length control field | 01023nam a2200253Ia 4500 |
| 003 - CONTROL NUMBER IDENTIFIER | |
| control field | OSt |
| 005 - DATE AND TIME OF LATEST TRANSACTION | |
| control field | 20210112121900.0 |
| 008 - FIXED-LENGTH DATA ELEMENTS--GENERAL INFORMATION | |
| fixed length control field | 191128s2010 ck a br 000 j spa d |
| 020 ## - INTERNATIONAL STANDARD BOOK NUMBER | |
| International Standard Book Number | 9789588787046 |
| 040 ## - CATALOGING SOURCE | |
| Original cataloging agency | CO-JMCR |
| Transcribing agency | CO-JMCR |
| 041 0# - LANGUAGE CODE | |
| Language code of text/sound track or separate title | spa |
| 082 04 - DEWEY DECIMAL CLASSIFICATION NUMBER | |
| Classification number | C / |
| Edition number | BERa |
| 100 1# - MAIN ENTRY--PERSONAL NAME | |
| Personal name | Bergua, Ana, |
| Relator term | autor |
| 9 (RLIN) | 1197 |
| 245 10 - TITLE STATEMENT | |
| Title | La abuela necesita besitos / |
| Statement of responsibility, etc. | texto, Ana Bergua ; ilustraciones Carmen Sala |
| 250 ## - EDITION STATEMENT | |
| Edition statement | Primera edición |
| 260 ## - PUBLICATION, DISTRIBUTION, ETC. | |
| Place of publication, distribution, etc. | Bogotá : |
| Name of publisher, distributor, etc. | Proteus, |
| Date of publication, distribution, etc. | 2010 |
| 300 ## - PHYSICAL DESCRIPTION | |
| Extent | [35] páginas : |
| Other physical details | ilustraciones a color ; |
| Dimensions | 21 cm. |
| 490 0# - SERIES STATEMENT | |
| Series statement | Primera Infancia del Ministerio de Cultura. Leer es mi cuento |
| 520 ## - SUMMARY, ETC. | |
| Summary, etc. | Todos sabemos que los besitos de mamá curan… Pero, ¿qué pasa cuando son los abuelos quienes necesitan esos besitos? Ana Bergua y Carme Sala nos explican en este libro que hay besitos milagrosos. |
| 521 ## - TARGET AUDIENCE NOTE | |
| Target audience note | Recomendado de 4 a 6 años |
| Source | Tapa posterior |
| 650 14 - SUBJECT ADDED ENTRY--TOPICAL TERM | |
| Topical term or geographic name entry element | Abuelos en la literatura |
| 9 (RLIN) | 1199 |
| General subdivision | cuento |
| 700 1# - ADDED ENTRY--PERSONAL NAME | |
| Personal name | Sala, Carmen, |
| Relator term | ilustradora |
| 9 (RLIN) | 1202 |
| 942 ## - ADDED ENTRY ELEMENTS (KOHA) | |
| Source of classification or shelving scheme | Dewey Decimal Classification |
| Koha item type | Books |
| Withdrawn status | Lost status | Source of classification or shelving scheme | Damaged status | Not for loan | Collection code | Home library | Current library | Date acquired | Source of acquisition | Cost, normal purchase price | Total Checkouts | Total Renewals | Full call number | Barcode | Date last seen | Date last checked out | Copy number | Koha item type |
|---|---|---|---|---|---|---|---|---|---|---|---|---|---|---|---|---|---|---|
| Dewey Decimal Classification | Fiction | Biblioteca Pública José María del Castillo y Rada | Biblioteca Pública José María del Castillo y Rada | 01/15/2018 | Donación | 0.00 | 17 | 5 | C / BERa | 201806984 | 02/16/2026 | 02/16/2026 | Ej.1 | Books |